Online Catalogue and eLibrary

Sithaivukalin olunkamaivu : (Record no. 1918)

MARC details
000 -LEADER
fixed length control field 00256nam a2200097Ia 4500
008 - FIXED-LENGTH DATA ELEMENTS--GENERAL INFORMATION
fixed length control field 240331s9999 xx 000 0 und d
082 ## - DDC Classification
Item Number - Author Mark RAM
100 ## - MAIN ENTRY--PERSONAL NAME
Personal name Ramesh,P
245 #0 - TITLE STATEMENT
Title Sithaivukalin olunkamaivu :
Remainder of title pinn naveenathuvap prachchanaip paddugal
942 ## - Koha item type (Biblio)
Koha item type Books in Stacks (Lending)
Holdings
Lost status Damaged status Collection code Home library Current library Shelving location Date acquired Full call number Accession Number Item type
    Lending WERC Library WERC Library Social Science Cupboard 03/31/2024 305.42 RAM 5442 Books in Stacks (Lending)

© WERC Library